000
00319nam a2200109Ia 4500
008
171211s9999 xx 000 0 und d
245
_a
Complex Predicates: The syntax-morphology interface
245
_c
Leila Lomashvili
260
_c
2011
650
_x
CULTURE
856
_u
http://down.ebook777.com/061/9789027255570.pdf
999
_c
347855
_d
347855